Statistics for Ace Attorney Justice for All All Characters

Click here to take the quiz!

General Stats

  • This quiz has been taken 28 times
  • The average score is 26 of 31

Answer Stats

CaseCharacter% Correct
The Lost TurnaboutMaya Fey
100%
The Lost TurnaboutPhoenix Wright
100%
Turnabout Big TopAcro Dingling
96%
Farewell my TurnaboutAdrian Andrews
96%
Reunion and TurnaboutPearl Fey
96%
Turnabout Big TopBat Dingling
92%
Reunion and TurnaboutDIck Gumshoe
92%
Reunion and TurnaboutIni Miney
92%
Turnabout Big TopLawrence "Moe" Curls
92%
Reunion and TurnaboutLotta Hart
92%
Farewell my TurnaboutMatt Engarde
92%
Reunion and TurnaboutMimi Miney
92%
Reunion and TurnaboutMorgan Fey
92%
The Lost TurnaboutRichard Wellington
92%
Reunion and TurnaboutFranziska Von Karma
88%
The Lost TurnaboutMaggey Byrde
88%
Farewell my TurnaboutMiles Edgeworth
88%
Farewell my TurnaboutWendy Oldbag
88%
Farewell my TurnaboutShelly De Killer
83%
The Lost TurnaboutThe Judge
83%
Farewell my TurnaboutWill Powers
83%
The Lost TurnaboutDustin Prince
79%
Farewell my TurnaboutJuan Corrida
79%
Turnabout Big TopRegina Berry
79%
The Lost TurnaboutWinston Payne
79%
Turnabout Big TopBenjamin Woodman & Trilo
75%
Farewell my TurnaboutCeleste Inpax
75%
Turnabout Big TopMax Galactica
75%
Reunion and TurnaboutTurner Grey
71%
Turnabout Big TopRussel Berry
67%
Reunion and TurnaboutDoctor Hotti
25%

Score Distribution

Percentile by Number Answered

Percent of People with Each Score

Your Score History

You have not taken this quiz